Guess the K-pop songs have “ love “ in their title - Statistics

General Stats
  • This quiz has been taken 9 times
  • The average score is 13 of 78
Answer Stats
Hint Answer % Correct
Seventeen Ah! Love
100%
BTS Love
100%
Twice Love
100%
Stayc Love
100%
Kep1er Sync-love
100%
Blackpink Lovesick girls
89%
BTS Boy with luv
67%
Exo Love shot
67%
Blackpink Kill this love
56%
BTS Boy in luv
44%
BTS Fake love
44%
Wayv Love talk
44%
Ive Love dive
33%
Nmixx Love me like this
33%
Ikon Love scenario
33%
Exo What is love
33%
Twice What is love
33%
Txt 0X1=LOVESONG
22%
ILLIT cherish ( my love)
22%
Itzy Love is
22%
Txt Love language
22%
Exo Love me right
22%
Nct 127 Love song
22%
Nct 127 First love
11%
Exo First love
11%
Twice Good at love
11%
Riize Love 119
11%
Stayc Love fool
11%
Twice Love foolish
11%
BTS Love is not over
11%
Twice Love line
11%
BTS Love maze
11%
BTS Love myself
11%
Nct wish Ode to love
11%
Enhypen Polaroid love
11%
Nct u 90’s love
0%
Seventeen All my love
0%
Exo Artificial love
0%
Twice Baby blue love
0%
Pentagon Baby i love you
0%
Twice Blind in love
0%
Wayv Broken love
0%
Red velvet Color of love
0%
Seventeen Crazy in love
0%
Enhypen Criminal love
0%
Blackpink Hard to love
0%
Seventeen Imperfect love
0%
Nct dream La la love
0%
Red velvet Last love
0%
Kiss of life Live,love,laugh
0%
Nct dream Love again
0%
Red velvet Love arcade
0%
Baby monster Love in my heart
0%
Nct 127 Love is a beauty
0%
Twice Love is more
0%
Seventeen Love letter
0%
Exo Love love love
0%
Babymonster Love, maybe
0%
Nct 127 Love me now
0%
ILLIT Love,older you
0%
Kep1er Love on lock
0%
Nct 127 Love on the floor
0%
Blackpink Love to hate me
0%
Twice Love warning
0%
Twice Luv me
0%
Nct 127 Meaning of love
0%
Twice Pieces of love
0%
Kiss of life Play love games
0%
Itzy Psychic lover
0%
Blackpink Ready for love
0%
Twice Say you love me
0%
BTS Skool luv affair
0%
Red velvet Some love
0%
Babymonster Supa dupa luv
0%
Ive Supernova love
0%
Exo Tender love
0%
Red velvet Time to love
0%
Stayc Young luv
0%
No matching quizzes found
Score Distribution
Percent of People with Each Score
Percentile by Number Answered
Your Score History
You have not taken this quiz